01491cam a22003494a 45000010005000000030006000050050017000110080041000280100017000690200018000860350023001040400035001270420008001620500021001700820014001911000027002052450048002322600035002803000046003154400027003615050007003885200262003955210018006575210018006756500049006936500038007429060045007809420015008259990015008409520146008559520140010011895FISKH20231009093325.0050708s2006 nyua j 001 0 eng  a 2005019649 a9780516298122 a(OCoLC)ocm60839427 aDLCcDLCdIG#dBAKERdDLCbeng apcc00aQA465b.S27 200600a530.82221 aSargent, Brian,d1969-10aHow much does it hold? /cby Brian Sargent. aNew York :bScholastic,c2006. a31 pages :bcolor illustrations ;c18 cm. 0aRookie read-about math aH  aThe popular Rookie Books expand their horizons - to all corners of the globe! With this series all about geography, emergent readers will take off on adventures to cities, nations, waterways, and habitats around the world...and right in their own backyards.8 a430 bLexile 8 aH bRaz-Plus  0aVolume (Cubic content)vJuvenile literature. 0aMeasurementvJuvenile literature. a7bcbccorignewd1eecipf20gy-gencatlg 2ddccBKn0 c1895d1895 00102ddc40708NFICa001b001cTK Blued2023-10-09l2oSAR 530.8 QA465.S27 pFISBK02199r2024-10-16 08:47:03s2024-09-18t1w2023-10-09yBK 00102ddc40708NFICa002b002cTTP Dark Blued2025-08-15l0oSAR 530.8 QA465.S27 pFISBK02201r2025-08-15 15:31:17t2w2025-08-15yBK